| 000 | 00854nam a2200241 a 4500 | ||
|---|---|---|---|
| 003 | OSt | ||
| 005 | 20240222120515.0 | ||
| 008 | |||
| 020 | _a9780956690401 (hardcover ) | ||
| 040 |
_cNUST _aNUST _beng _dNUST _erda |
||
| 050 | _aHF5412.335 DOR | ||
| 100 | 1 |
_aDorgan, Mark F. _eAuthor |
|
| 245 | 1 | 0 |
_aDelivering customer experience, creating attainable dreams : _ba guide for retail teams / _cDr Mark F. Dorgan. |
| 260 |
_aUnited Kingdom : _bM Multiplier, _c2010. |
||
| 300 |
_a116 pages : _billustrations ; _c25 cm. |
||
| 336 |
_2rdacontent _atext _btxt |
||
| 337 |
_2rdamedia _aunmediated _bn |
||
| 338 |
_2rdacarrier _avolume _bnc |
||
| 504 | _aIncludes Bibliographical References. | ||
| 650 | _aCustomer satisfaction. | ||
| 650 | 1 | _aCustomer motivation. | |
| 942 |
_cBOOKS _kHF _mDOR _2lcc _hHF5413.335 _n0 |
||
| 999 |
_c167598 _d167598 |
||